Airlines in The Middle East - Statistics

General Stats
  • This quiz has been taken 21 times
  • The average score is 18 of 34
Answer Stats
Airline % Correct
Turkish Airlines
100%
Emirates
93%
Qatar Airways
93%
Saudia
93%
El Al
80%
Etihad Airways
80%
Iran Air
80%
Oman Air
80%
Gulf Air
73%
Pegasus
73%
Kuwait Airways
67%
Air Arabia
60%
FlyDubai
60%
Iraqi Airways
60%
Royal Jordanian
60%
SunExpress
60%
Arkia
53%
Flynas
53%
MEA
53%
Syrian Air
53%
Yemenia
53%
Mahan Air
47%
AJet
40%
Corendon Airlines
33%
Israir
33%
Jazeera Airways
33%
Riyadh Air
33%
Flyadeal
20%
SalamAir
20%
Fly Baghdad
13%
Qeshm Air
13%
Fly Cham
7%
Meraj Airlines
7%
Southwind Airlines
7%
No matching quizzes found
Score Distribution
Percent of People with Each Score
Percentile by Number Answered
Your Score History
You have not taken this quiz